Guillaume le maréchal ou le meilleur chevalier du monde

-д хадгалсан:
Номзүйн дэлгэрэнгүй
Үндсэн зохиолч: Duby, Georges (Зохиогч)
Формат: Ном
Хэл сонгох:франц
Хэвлэсэн: París Fayard 1984
Цуврал:Les Inconnus de l' histoire
Нөхцлүүд:
Шошгууд: Шошго нэмэх
Шошго байхгүй, Энэхүү баримтыг шошголох эхний хүн болох!

MARC

LEADER 00000nam a2200000 a 4500
001 UCP8875
003 CL-VaPUC
008 000317e19840000FR |||||||||||||||||fre|d
082 0 4 |a 929.71  |b DUB  |2 21 
100 0 |a Duby, Georges  |e author  |9 439123 
245 1 0 |a Guillaume le maréchal ou le meilleur chevalier du monde 
300 |a 189 p 
942 |c BK 
945 |d 20000317 00:00:00  |a lriquelm 
260 |a París  |b Fayard  |c 1984 
650 0 |a Caballeros y caballería   |9 266046 
650 0 |a Biografías  |9 255210 
650 7 |a HISTORIA SIGLO 12  |2 CL-VaPUC  |9 266337 
651 0 |a Gran Bretaña  |9 256767 
583 |a last modification  |c 20000317 00:00:00  |k Rodrigo Vera 
490 0 |a Les Inconnus de l' histoire 
999 |c 285739  |d 285737 
952 |0 0  |1 0  |4 0  |6 929_710000000000000_DUB_1984  |7 0  |8 A  |9 330509  |a BIBHIS  |b BIBHIS  |d 2019-11-20  |i 1385666  |o 929.71 DUB 1984  |p 1385666  |r 2023-01-25  |w 2019-11-20  |y BK  |k HIS